Dortmund Kader 16/17 - Statistiken

Allgemein
  • Dieses Quiz wurde 38 mal gespielt
  • Das Durchschnittsergebnis liegt bei 14 aus 27
Antwortstatistiken
Antwort % Korrekt
TW Sui Bürki
94%
Deu Reus
89%
Jap Kagawa
83%
Ang Gab Aubameyang
80%
Deu Weidenfeller
80%
Deu Schmelzer
74%
USA Pulisic
71%
Tür Sahin
71%
Grie Sokratis
71%
Tür Mor
69%
Ver Spa Bartra
63%
Por Guerreiro
60%
Fra Dembele
57%
Deu Götze
57%
Kol Ramos
51%
Pol Piszczek
49%
Deu Bender
37%
Deu Ginter
37%
Deu Durm
34%
Sü.k Park
31%
Spa Merino
29%
Deu Schürrle
29%
Deu Weigl
23%
Mit Bos Burnic
14%
Deu Castro
14%
Deu Rode
14%
Deu Passlack
9%
Keine übereinstimmenden Quizze gefunden
Verteilung der Resultate
Anzahl Personen mit jedem Resultat
Perzentil nach korrekt beantworteten Fragen
Ihre Resultats-Entwicklung
Sie haben dieses Quiz noch nicht gespielt